Πέντε δεκαετίες αναστοχασμοί και μια πρόταση : ανάπτυξη - περιβάλλον - τουρισμός

Αποθηκεύτηκε σε:
Λεπτομέρειες βιβλιογραφικής εγγραφής
Κύριος συγγραφέας: Ξάνθης, Αγαπητός Ι.
Μορφή: Βιβλίο
Γλώσσα:Greek
Δημοσίευση: Αθήνα : Παπαζήσης, 2022.
Σειρά:Διεθνής και ευρωπαϊκή πολιτική
Θέματα:
Ετικέτες: Προσθήκη ετικέτας
Δεν υπάρχουν, Καταχωρήστε ετικέτα πρώτοι!

MARC

LEADER 00000nam a2200000 a 4500
001 1/125480
008 221013s2022####gr | ||| |||| ||gre||
020 |a 9789600239782 
040 |a GR-MyUa  |b gre  |c GR-MyUa  |e AACR2 
041 0 |a gre 
082 7 |a 338.927   |2 (23) 
100 1 |a Ξάνθης, Αγαπητός Ι. 
245 1 0 |a Πέντε δεκαετίες αναστοχασμοί και μια πρόταση :   |b ανάπτυξη - περιβάλλον - τουρισμός /  |c Αγαπητός Ι. Ξάνθης.  
260 |a Αθήνα :   |b Παπαζήσης,   |c 2022.  
300 |a 179 σ. :   |b εικ. ;   |c 22 εκ.  
490 1 |a (Διεθνής και ευρωπαϊκή πολιτική) 
504 |a Βιβλιογραφία : σ. [161]-169.  
650 0 |a Sustainability. 
650 0 |a Sustainable development  |x Case studies. 
650 0 |a Environmental economics  |z Development policy. 
650 0 |a Tourism  |x Case studies. 
830 0 |a Διεθνής και ευρωπαϊκή πολιτική 
970 |a Σιδερή   |b Νεκταρία   |z 2022/10/13